ノルウェー風になった国旗 - Statistics

General Stats
  • This quiz has been taken 210 times
  • The average score is 15 of 16
Answer Stats
Picture Answer % Correct
インド
99%
ブラジル
98%
アルゼンチン
98%
中国
97%
韓国
96%
モンゴル
96%
オーストラリア
94%
メキシコ
94%
日本
93%
南アフリカ
93%
北朝鮮
93%
ポルトガル
92%
パキスタン
91%
エチオピア
84%
ネパール
75%
エストニア
66%
No matching quizzes found
Score Distribution
Percent of People with Each Score
Percentile by Number Answered
Your Score History
You have not taken this quiz